Statistieken voor Landen met 11 letters

Klik hier om de quiz te nemen!

Algemene statistieken

  • Deze quiz is 80 keer genomen
  • De gemiddelde score is 4 van 6

Antwoordstatistieken

Country% Correct
Griekenland
71%
Oezbekistan
71%
Zwitserland
71%
Burkina Faso
65%
Sierra Leone
59%
Afghanistan
53%

Scoreverdeling

Percentiel versus Aantal Correcte Antwoorden

Procent van Mensen met Elke Score

Uw Scoregeschiedenis

U heeft deze quiz nog niet genomen